Sports Quiz

Random Sports or World Quiz

World Series team HR leaders 1940-1969 Quiz Stats

Quiz not verified by Sporcle

Challenge
Share
Tweet
Embed
Score 0/65 Timer 08:00
0 Plays Today
Year and Team Player % Correct
1964 YankeesMickey Mantle
100%
1960 YankeesMickey Mantle
100%
1958 Yankees Mickey Mantle
100%
1957 Yankees Mickey Mantle
100%
1956 YankeesMickey Mantle
100%
1955 YankeesMickey Mantle
100%
1966 OriolesFrank Robinson
99.3%
1961 Reds Frank Robinson
99.3%
1947 Dodgers (tie)Jackie Robinson
99.3%
1962 GiantsWillie Mays
98.6%
1954 GiantsWillie Mays
98.6%
1962 YankeesRoger Maris
97.9%
1961 YankeesRoger Maris
97.9%
1957 BravesHank Aaron
97.9%
1953 YankeesYogi Berra
95.8%
1952 YankeesYogi Berra
95.8%
1951 YankeesYogi Berra
95.8%
1950 YankeesJoe Dimaggio
95.1%
1947 YankeesJoe Dimaggio
95.1%
1956 DodgersDuke Snider
93.7%
1955 DodgersDuke Snider
93.7%
1953 DodgersDuke Snider
93.7%
1949 Dodgers (tie)Duke Snider
93.7%
1958 BravesEddie Mathews
89.4%
1969 OriolesBoog Powell
88.7%
1967 Red SoxCarl Yastrzemski
88.7%
1943 Cardinals (tie)Stan Musial
88.7%
1940 TigersHank Greenberg
86.6%
1965 TwinsHarmon Killebrew
83.1%
1946 Red SoxTed Williams
79.6%
1959 DodgersGil Hodges
77.5%
1952 DodgersGil Hodges
77.5%
1949 Dodgers (tie)Gil Hodges
77.5%
Year and Team Player % Correct
1963 DodgersFrank Howard
74.6%
1963 YankeesElston Howard
74.6%
1968 CardinalsOrlando Cepeda
64.1%
1967 CardinalsOrlando Cepeda
64.1%
1968 TigersWillie Horton
59.2%
1964 CardinalsKen Boyer
57.7%
1969 MetsTommy Agee
54.9%
1954 IndiansLarry Doby
54.9%
1946 CardinalsEnos Slaughter
54.9%
1942 CardinalsEnos Slaughter
54.9%
1965 Dodgers (tie)Lou Johnson
48.6%
1951 GiantsBobby Thomson
47.9%
1943 YankeesCharlie Keller
46.5%
1942 YankeesCharlie Keller
46.5%
1941 YankeesCharlie Keller
46.5%
1948 IndiansJoe Gordon
40.8%
1949 YankeesTommy Henrich
36.6%
1947 Dodgers (tie)Pee Wee Reese
36.6%
1945 Tigers (tie)Rudy York
34.5%
1950 PhilliesDel Ennis
31%
1941 DodgersDolph Camilli
26.8%
1960 PiratesDick Stuart
25.4%
1940 RedsFrank McCormick
23.2%
1966 DodgersJim Lefebvre
21.8%
1965 Dodgers (tie)Jim Lefebvre
21.8%
1948 BravesBob Elliott
19%
1959 White SoxSherm Lollar
17.6%
1944 BrownsVern Stephens
16.9%
1945 CubsBill Nicholson
15.5%
1944 CardinalsWhitey Kurowski
13.4%
1943 Cardinals (tie)Whitey Kurowski
13.4%
1945 Tigers (tie)Roy Cullenbine
7.7%

You're not logged in!

Compare scores with friends on all Sporcle quizzes.
Sign Up with Email
OR
Log In

You Might Also Like...

Show Comments

Extras

Top Quizzes Today


Score Distribution

Your Account Isn't Verified!

In order to create a playlist on Sporcle, you need to verify the email address you used during registration. Go to your Sporcle Settings to finish the process.